• 首页
  • 本馆介绍
  • 公告通知
  • 最新文献
  • 馆藏检索
  • 电子资源
  • 读者导购
  • 参考咨询
  • 我的图书馆
  • 登录
  • 详细信息显示
  • 放入我的书架
  • 预约/预借图书
  • 作者相关作品
  • 分类相关作品
  • 丛书相关作品
  • 出版社相关作品

书目信息

  • 表格格式
  • 工作单格式
  • 卡片格式
题名:
细菌世界历险记
    
 
作者: 高士其, 著
分册:  
出版信息: 北京   中国华侨出版社  2017.09
页数: 200页
开本: 22cm
丛书名:
单 册:
中图分类: Q939.1
科图分类:
主题词: 细菌--xi jun--少年读物
电子资源:
ISBN: 978-7-5113-6994-9
000 00829nam0 2200241 450
001 CAL 0120162051343
005 20181203155117.34
010    @a978-7-5113-6994-9@b精装@dCNY29.80
100    @a20180329d2017 cemy0chiy50 ea
101 0  @achi
102    @aCN@b110000
105    @ay z 000yy
106    @ar
200 1  @a细菌世界历险记@Axi jun shi jie li xian ji@f高士其著@g
210    @a北京@c中国华侨出版社@d2017.09
215    @a200页@c@d22cm
330    @a本书精选高士其科普作品共33篇, 作品内容生动活泼, 语言通俗易懂。高士其用妙趣横生的比喻形象再现了一个奇幻、神秘的科学世界, 让小朋友们在其中自在遨游, 享受知识的滋养。
606 0  @a细菌@Axi jun@j少年读物
690    @aQ939.1@v5
701  0 @a高士其,@Agao shi qi@f1905-1988@4著
801  0 @aCN@b人天书店@c20180329@g
905    @aBZT@dQ939.1@e34
906    @dCNY29.80@n3@r1
    
    细菌世界历险记/高士其著.-北京:中国华侨出版社,2017.09
    200页;22cm
    
    
    ISBN 978-7-5113-6994-9(精装):CNY29.80
    本书精选高士其科普作品共33篇, 作品内容生动活泼, 语言通俗易懂。高士其用妙趣横生的比喻形象再现了一个奇幻、神秘的科学世界, 让小朋友们在其中自在遨游, 享受知识的滋养。
●
相关链接 在五车中查询图书 在当当中查询图书 在豆瓣中查询图书


正题名:细菌世界历险记     索取号:Q939.1/34         预约/预借

序号 登录号 条形码 馆藏地/架位号 状态 备注
1 853100   2000853100   第二书库/ [索取号:Q939.1/34] 在馆    
2 853101   2000853101   第二书库/ [索取号:Q939.1/34] 在馆    
3 853102   2000853102   第二书库/ [索取号:Q939.1/34] 在馆    
山东省滨州职业学院图书馆 欢迎您!
大连网信软件有限公司© 版权所有